[Event "Belgrade-chT"]
[Site "Belgrade"]
[Date "2017.10.22"]
[Round "7.4"]
[White "Brankovic, Danilo"]
[Black "Karleusa, Mirko"]
[Result "1-0"]
[WhiteElo "2078"]
[BlackElo "2038"]
[PlyCount "45"]
[EventDate "2017.10.01"]
[EventType "team-tourn"]
[EventRounds "11"]
[EventCountry "SRB"]
[SourceTitle "CBM 181 Extra"]
[Source "ChessBase"]
[SourceDate "2017.12.12"]
[SourceVersion "1"]
[SourceVersionDate "2017.12.12"]
[SourceQuality "1"]
[WhiteTeam "BASK"]
[BlackTeam "Dunavski Venac"]
[WhiteTeamCountry "SRB"]
[BlackTeamCountry "SRB"]

1. e4 c5 2. Nf3 d6 3. d4 cxd4 4. Qxd4 Nc6 5. Bb5 Bd7 6. Bxc6 bxc6 7. c4 Qb6 8. Qxb6 axb6 9. Be3 Rb8 10. Nbd2 g6 11. Bd4 e5 12. Nxe5 dxe5 13. Bxe5 Rc8 14. Bxh8 f6 15. e5 f5 16. 0-0 Kf7 17. Nf3 Be7 18. e6+ Bxe6 19. Ne5+ Kf8 20. Rfe1 Bb4 21. Nxg6+ Kf7 22. Ne5+ Kf8 23. Red1 1-0

[Event "Belgrade Jezero op"]
[Site "Belgrade"]
[Date "2017.08.09"]
[Round "5"]
[White "Brankovic, Danilo"]
[Black "Andrijevic, Milan"]
[Result "1/2-1/2"]
[WhiteElo "2123"]
[BlackElo "2289"]
[PlyCount "79"]
[EventDate "2017.08.05"]
[EventType "swiss"]
[EventRounds "9"]
[EventCountry "SRB"]
[SourceTitle "CBM 180 Extra"]
[Source "ChessBase"]
[SourceDate "2017.10.06"]
[SourceVersion "1"]
[SourceVersionDate "2017.10.06"]
[SourceQuality "1"]

1. e4 c5 2. Nf3 e6 3. d4 cxd4 4. Nxd4 a6 5. c4 Nf6 6. Bd3 d6 7. Nc3 g6 8. 0-0 Bg7 9. Be3 0-0 10. Be2 Qc7 11. Qd2 Nbd7 12. Bh6 b6 13. Bxg7 Kxg7 14. Rad1 Bb7 15. f3 Rad8 16. Nc2 Ne5 17. Ne3 Qc5 18. Qd4 Nc6 19. Qxc5 bxc5 20. Nc2 e5 21. Nd5 Nxd5 22. cxd5 Nd4 23. Nxd4 cxd4 24. Rc1 Rc8 25. Bd3 f5 26. Rxc8 Rxc8 27. Kf2 fxe4 28. fxe4 Rf8+ 29. Ke2 Rxf1 30. Kxf1 a5 31. Ke2 Kf6 32. g3 Ke7 33. Kd2 Kd8 34. a3 Kc7 35. b3 Kb6 36. Be2 Bc8 37. Bf1 Bd7 38. Kc2 Bc8 39. Kd2 Bd7 40. Kc2 1/2-1/2

[Event "Belgrade-chT"]
[Site "Belgrade"]
[Date "2016.10.22"]
[Round "13.5"]
[White "Tasev, Dejan"]
[Black "Brankovic, Danilo"]
[Result "1/2-1/2"]
[WhiteElo "2202"]
[BlackElo "1991"]
[PlyCount "63"]
[EventDate "2016.10.08"]
[EventType "team-tourn"]
[EventRounds "13"]
[EventCountry "SRB"]
[SourceTitle "CBM 175 Extra"]
[Source "ChessBase"]
[SourceDate "2016.12.12"]
[SourceVersion "1"]
[SourceVersionDate "2016.12.12"]
[SourceQuality "1"]
[WhiteTeam "Belgrade Sigurnost"]
[BlackTeam "Delfin"]
[WhiteTeamCountry "SRB"]
[BlackTeamCountry "SRB"]

1. e4 c5 2. Nf3 Nc6 3. g3 e6 4. Bg2 d5 5. exd5 exd5 6. 0-0 Nf6 7. d4 cxd4 8. Nxd4 Be7 9. c3 0-0 10. h3 h6 11. Be3 Re8 12. Nd2 Bd6 13. Re1 Be6 14. Qc2 Rc8 15. Rad1 Qd7 16. Kh2 Re7 17. N2b3 a6 18. Nxc6 bxc6 19. Nc5 Bxc5 20. Bxc5 Ree8 21. Qa4 Qb7 22. b4 Bf5 23. Bf1 Qd7 24. Rxe8+ Rxe8 25. Qxa6 Ne4 26. Bd4 Ng5 27. f4 Nf3+ 28. Kg2 Bxh3+ 29. Kf2 Bxf1 30. Qxf1 Nh2 31. Qd3 Qh3 32. a4 1/2-1/2

[Event "Belgrade-chT Quality"]
[Site "Belgrade"]
[Date "2016.10.16"]
[Round "6.5"]
[White "Veljkovic, Dragoljub"]
[Black "Brankovic, Danilo"]
[Result "1/2-1/2"]
[WhiteElo "2163"]
[BlackElo "1991"]
[PlyCount "30"]
[EventDate "2016.10.01"]
[EventType "team-tourn"]
[EventRounds "11"]
[EventCountry "SRB"]
[SourceTitle "EXT 2018"]
[Source "ChessBase"]
[SourceDate "2017.10.13"]
[SourceVersion "1"]
[SourceVersionDate "2017.10.13"]
[SourceQuality "1"]

1. Nf3 Nf6 2. c4 g6 3. Nc3 Bg7 4. d4 0-0 5. e4 d6 6. Be2 e5 7. d5 Nbd7 8. Be3 Ng4 9. Bd2 f5 10. Ng5 Nc5 11. b4 Na6 12. a3 h6 13. Ne6 Bxe6 14. dxe6 Qh4 15. Bxg4 fxg4 1/2-1/2

[Event "Belgrade-chT Quality"]
[Site "Belgrade"]
[Date "2016.10.09"]
[Round "4.1"]
[White "Popovic, Ivan M"]
[Black "Brankovic, Danilo"]
[Result "0-1"]
[WhiteElo "2039"]
[BlackElo "1991"]
[PlyCount "102"]
[EventDate "2016.10.01"]
[EventType "team-tourn"]
[EventRounds "11"]
[EventCountry "SRB"]
[SourceTitle "EXT 2018"]
[Source "ChessBase"]
[SourceDate "2017.10.13"]
[SourceVersion "1"]
[SourceVersionDate "2017.10.13"]
[SourceQuality "1"]

1. e4 c5 2. Nf3 Nc6 3. d4 cxd4 4. Nxd4 g6 5. Nc3 Bg7 6. Be3 d6 7. Qd2 Nf6 8. f3 0-0 9. 0-0-0 d5 10. exd5 Nxd5 11. Nxd5 Qxd5 12. Nb3 Qe5 13. Bd4 Nxd4 14. Qxd4 Qxd4 15. Nxd4 Rd8 16. c3 Bh6+ 17. Kc2 e5 18. Nb3 Rxd1 19. Kxd1 Bf5 20. Bc4 Rc8 21. Be2 a5 22. Bb5 a4 23. Bxa4 Ra8 24. g4 Bxg4 25. fxg4 Rxa4 26. Rg1 Rxa2 27. Kc2 Bf4 28. Rg2 b6 29. Kd3 Ra4 30. h3 Kf8 31. Re2 Ke7 32. Nd4 Kd6 33. Nc2 f5 34. Nb4 b5 35. Re1 e4+ 36. Kd4 Bg3 37. Re2 Ra1 38. Ke3 Rd1 39. gxf5 gxf5 40. Rd2+ Rxd2 41. Kxd2 Bf4+ 42. Kc2 Be3 43. b3 Bc5 44. Na2 f4 45. Kd2 Ke5 46. Nc1 Be3+ 47. Kc2 f3 48. Nd3+ exd3+ 49. Kxd3 Kf4 50. c4 bxc4+ 51. bxc4 Bc5 0-1

[Event "SRB-ch U14"]
[Site "Subotica"]
[Date "2014.04.21"]
[Round "7"]
[White "Djordjevic, Vuk D"]
[Black "Brankovic, Danilo"]
[Result "1-0"]
[WhiteElo "2135"]
[BlackElo "1741"]
[PlyCount "85"]
[EventDate "2014.04.17"]
[EventType "swiss"]
[EventRounds "9"]
[EventCountry "SRB"]
[SourceTitle "CBM 160 Extra"]
[Source "ChessBase"]
[SourceDate "2014.07.01"]
[SourceVersion "1"]
[SourceVersionDate "2014.07.01"]
[SourceQuality "1"]

1. d4 Nf6 2. Bg5 Ne4 3. Bf4 d5 4. f3 Nf6 5. e4 dxe4 6. Nc3 Nd5 7. Nxd5 Qxd5 8. Bxc7 Nc6 9. c3 Bf5 10. Qb3 Qxb3 11. axb3 Rc8 12. Bf4 e6 13. b4 a6 14. Kf2 Be7 15. Re1 exf3 16. Nxf3 0-0 17. g3 Rfd8 18. Bg2 f6 19. Nh4 Bd3 20. Rxe6 Bc4 21. Ree1 Bd5 22. Nf5 Kf7 23. g4 g6 24. Ne3 Bxg2 25. Kxg2 Bd6 26. Bxd6 Rxd6 27. Rhf1 Kg7 28. Re2 Rdd8 29. Rfe1 Kf7 30. h4 b5 31. Rf1 Kg7 32. Ref2 Rd6 33. g5 Rf8 34. Ng4 f5 35. Nf6 h6 36. Re2 Kf7 37. Rfe1 hxg5 38. hxg5 Rfd8 39. Kg3 Rc8 40. d5 Nb8 41. Re7+ Kf8 42. Re8+ Rxe8 43. Rxe8+ 1-0